Oceňovanie záväzkov podnikateľa podľa slovenskej právnej úpravy účtovníctva bakalárska práca

Na minha lista:
Detalhes bibliográficos
Autor principal: Benko, Ján
Autor Corporativo: Fakulta hospodárskej informatiky EU. Katedra účtovníctva a audítorstva
Outros Autores: Bednárová, Beáta
Formato: Livro
Idioma:eslovaco
Publicado em: Bratislava 2013
Tags: Adicionar Tag
Sem tags, seja o primeiro a adicionar uma tag!

MARC

LEADER 00000nbm a2200000 4500
001 0173223
005 20161109112147.7
041 0 |a slo 
044 |a SK 
245 1 0 |a Oceňovanie záväzkov podnikateľa podľa slovenskej právnej úpravy účtovníctva  |b bakalárska práca  |c Ján Benko ; školiteľ: Beáta Bednárová 
264 1 |a Bratislava  |c 2013 
300 |a 44 s. 
100 1 |a Benko, Ján 
700 1 |a Bednárová, Beáta 
710 2 |a Fakulta hospodárskej informatiky EU. Katedra účtovníctva a audítorstva